Statistics for All NFL Teams in 2 Minutes

Click here to take the quiz!

General Stats

  • This quiz has been taken 4,128 times
    (3,645 since last reset)
  • The average score is 27 of 32

Answer Stats

DivisionTeams% Correct
Dallas Cowboys
90%
Philadelphia Eagles
90%
New York Giants
89%
Miami Dolphins
87%
AFC EastNew England Patriots
87%
New York Jets
87%
Baltimore Ravens
86%
NFC NorthGreen Bay Packers
86%
Kanas City Chiefs
86%
Buffalo Bills
85%
Cleveland Browns
85%
Los Angeles Chargers
85%
Los Angeles Rams
85%
Minnesota Vikings
85%
Chicago Bears
84%
Cincinnati Bengals
84%
Detriot Lions
84%
Oakland Raiders
84%
AFC NorthPittsburgh Steelers
84%
NFC EastWashington Redskins
84%
NFC WestSan Francisco 49ers
83%
Seattle Seahawks
83%
AFC WestDenver Broncos
82%
AFC SouthHouston Texans
81%
Arizona Cardinals
80%
NFC SouthNew Orleans Saints
80%
Carolina Panthers
79%
Jacksonville Jaguars
79%
Atlanta Falcons
78%
Tennessee Titans
78%
Indianapolis Colts
76%
Tampa Bay Buccaneers
75%

Score Distribution

Percentile by Number Answered

Percent of People with Each Score

Your Score History

You have not taken this quiz since the last reset